• 首页
  • 本馆介绍
  • 公告通知
  • 最新文献
  • 馆藏检索
  • 电子资源
  • 读者导购
  • 参考咨询
  • 我的图书馆
  • 登录
  • 详细信息显示
  • 放入我的书架
  • 预约/预借图书
  • 作者相关作品
  • 分类相关作品
  • 丛书相关作品
  • 出版社相关作品

书目信息

  • 表格格式
  • 工作单格式
  • 卡片格式
书名: A cat named Darwin
作者: William Jordan.
分册号:
分册名:
出版地: Boston :
 
出版社: Houghton Mifflin
出版时间: 2002.
页数: 187 p. ;
开本: 22 cm.
丛书名:
中图分类号:
科图分类号:
其他分类号: S829.3
主题词:
电子资源: http://www.loc.gov/catdir/samples/hm051/2003266686.html      http://www.loc.gov/catdir/description/hm051/2003266686.html      http://www.loc.gov/catdir/toc/hm051/2003266686.html     
000 01648cam a22003497a 450
001 E0738209143
005 20070322110028.75
008 031017s2002 mau 000 0aeng d
010    @a2003266686
020    @a0395986427.
035    @a(OCoLC)ocm50856017
040    @aLPU@cLPU@dOMP@dOCLCQ@dSRB@dXY4@dDLC
042    @alccopycat
050 00 @aSF442.86@b.J67 2002
082 00 @a636.8 @2 22
090    @aS829.3
099    @dS829.3@ex1
100 1  @aJordan, William,@d1944-
245 12 @aA cat named Darwin :@bhow a stray cat changed a man into a human being / @cWilliam Jordan.
260    @aBoston :@bHoughton Mifflin,@c2002.
300    @a187 p. ;@c22 cm.
505 0  @aPicking a human up -- A Dog’s meow -- Breaking up -- Inventory in England -- Nuptials -- Honeymoon prognosis -- Hope, intimacy, jealousy -- Friendship and equality -- Hospice care -- Night walk -- Home invasion -- Sweet epiphanies -- Tender mercies -- Missa Felina.
600 10 @aJordan, William,@d1944-
650  0 @aDarwin (Cat)
650  0 @aHuman-animal relationships@vAnecdotes.
650  0 @aPet owners@xPsychology.
856 1  @3 Sample text@uhttp://www.loc.gov/catdir/samples/hm051/2003266686.html
856 2  @3 Publisher description@uhttp://www.loc.gov/catdir/description/hm051/2003266686.html
856 1  @3 Table of contents@uhttp://www.loc.gov/catdir/toc/hm051/2003266686.html
906    @a7@bcbc@ccopycat@d2@encip@f20@gy-gencatlg
925 0  @aacquire@b2 shelf copies@xpolicy default
955    @aps10 2003-10-17 z-processor to HLCD; to jb00 2004-04-02@ajb00 2004-04-07 bk recd@ijb12 2004-04-20@ejb18 2004-04-21 2c. to Dewey@aaa01 2004-04-30
    
    A cat named Darwin : : how a stray cat changed a man into a human being / / William Jordan.-Boston : : Houghton Mifflin, , 2002.
    187 p. ; ; 22 cm.
    Picking a human up -- A Dog’s meow -- Breaking up -- Inventory in England -- Nuptials -- Honeymoon prognosis -- Hope, intimacy, jealousy -- Friendship and equality -- Hospice care -- Night walk -- Home invasion -- Sweet epiphanies -- Tender mercies -- Missa Felina.
    
    ISBN 0395986427.
    
●
相关链接 在E读中查询图书 在五车中查询图书 在当当中查询图书 在豆瓣中查询图书


正题名:cat named Darwin     索取号:S829.3/x1         预约/预借

序号 登录号 条形码 馆藏地/架位号 状态 备注
1 0003556   300035566   第二样本阅览室/ [索取号:S829.3/x1] 在馆    
2 0003557   300035575   第四借阅区/ [索取号:S829.3/x1] 在馆    
3 0003558   300035584   第四借阅区/ [索取号:S829.3/x1] 在馆    
唐山师范学院图书馆 欢迎您!
大连网信软件有限公司© 版权所有